000 03157nam a22004097a 4500
005 20090514135111.0
008 081029t xxu||||| |||| 00| 0 hin d
010 _aHIN-86480
020 _a9788126716517
_c250.00
035 _aHN-58826
035 _aB-349973-979
037 _bDBAD /PUB
037 _bराजकमल प्रकाशन
040 _adpl
_bhn
082 _a808.883
100 _aचन्द्रकान्ता
245 _aहाशिए की इबारतें /
_cचन्द्रकान्ता
246 _aHaashiye kii Ibaaraten
_bby Chandrakanta
260 _aनई दिल्ली
_bराजकमल प्रकाशन
_c2008
270 _a1-बी,नेताजी सुभाष मार्ग
_bनई दिल्ली
_e110002
300 _a208 पृ
_c22सेमी (सजिल्द)
600 _aचन्द्रकांता
600 _aChandrakanta
650 _aस्मृति
650 _aMemory
650 _a
942 _2ddc
_cHN
_mचन्द्रका
_h808.883
999 _c26366
_d26366